Kraje wyspiarskie - Nagła śmierć - Trudne - Statistics

General Stats
  • This quiz has been taken 57 times
  • The average score is 6 of 20
Answers on the Grid
Answers color-coded by a green-red scale on the quiz's grid according to % correct below.
Tahiti
Dominikana
Dominika
Hongkong
Kiribati
Singapur
Wyspa Wielkanocna
Grenlandia
Madagaskar
Zanzibar
Islandia
Irlandia
Portoryko
Papua-Nowa Gwinea
Filipiny
Kuba
Nowa Kaledonia
Nowa Zelandia
Brunei
Bali
Walia
Wyspy Salomona
Wyspy Owcze
Wyspy Marshalla
Niue
Mauritius
Szkocja
Hawaje
Bahamy
Madera
Bermudy
Bahrajn
Saint Croix
Saint-Barthélemy
Saint Helena
Saint Kitts i Nevis
Saint Lucia
Saint-Martin
Saint-Pierre i Miquelon
Saint Vincent i Grenadyny
 
Answer Stats
Answer % Correct
Dominika
61%
Dominikana
61%
Kiribati
52%
Islandia
48%
Filipiny
39%
Irlandia
39%
Madagaskar
39%
Kuba
35%
Singapur
35%
Bahamy
30%
Nowa Zelandia
26%
Saint Lucia
26%
Papua-Nowa Gwinea
22%
Saint Kitts i Nevis
22%
Saint Vincent i Grenadyny
22%
Wyspy Salomona
22%
Bahrajn
17%
Brunei
17%
Mauritius
17%
Wyspy Marshalla
17%
No matching quizzes found
Score Distribution
Percent of People with Each Score
Percentile by Number Answered
Your Score History
You have not taken this quiz